000 01313nam a22002297a 4500
005 20240115111658.0
010 _a17-18HN-4.8.17 B-706507-516 HIN-126725
020 _a9788126711697
_c1750.00
035 _aHN-99071
035 _aB-706507-516
037 _aG
_bराजकमल प्रकाशन
082 _a781.542092
100 _a पंकज राग
_960933
245 _aधुनों की यात्रा :
_cपंकज राग
_bहिन्दी फिल्मों के संगीतकार 1931-2005 /
246 _aDhunon ki Yatra /
250 _a4था संस्क
260 _a नई दिल्ली
_bराजकमल प्रकाशन
_c2017
270 _a1-बी,नेताजी सुभाष मार्ग,दरियागंज
_bनई दिल्ली
_e110002
300 _a766पृ. :
_c25सेमी(सजिल्द)
_bसचित्र
942 _2ddc
_cHN
_h781.542092
_mरागपं
999 _c146352
_d146352